| 000 | 01140nam a2200313Ia 4500 | ||
|---|---|---|---|
| 005 | 20220317001802.0 | ||
| 008 | 170328s2015 c g 000 0 s | ||
| 020 | _a9789583802348 | ||
| 041 | _aspa | ||
| 082 | 1 | 4 |
_a330.9861 _bH37 |
| 245 | 0 | 0 |
_aHistoria económica de Colombia _ccompilador José Antonio Ocampo Gaviria ; Germán Colmenares... [y otros nueve] |
| 250 | _a4a. edición | ||
| 300 |
_a401 páginas _c23 cm |
||
| 490 | _aSección de obras de economía | ||
| 500 | _aIncluye datos biográficos de los autores | ||
| 500 | _aIncluye índice de cuadros y gráficos | ||
| 504 | _aIncluye bibliografía | ||
| 650 | 1 | 4 |
_2LEMB _aDesarrollo económico _zColombia |
| 650 | 1 | 4 |
_2LEMB _aEconomía _xEnsayos, conferencias, etc. _zColombia |
| 650 | 1 | 4 |
_2LEMB _aEconomía _xHistoria _zColombia |
| 700 | 1 |
_aColmenares, Germán _d1938- _990770 |
|
| 700 | 1 |
_aOcampo Gaviria, José Antonio _990771 |
|
| 942 |
_2ddc _cBK |
||
| 264 |
_aBogotá _bFondo de Cultura Económica _c2015 |
||
| 336 |
_atexto _btxt _2rdacontent |
||
| 337 |
_asin mediación _bn _2rdamedia |
||
| 338 |
_avolumen _bnc _2rdacarrier |
||
| 040 |
_aCO-BoRNBP _bspa _erda _cCO-BoRNBP |
||
| 999 |
_c8086 _d8086 |
||